Family Reunion (Netflix series) - Statistics

General Stats
  • This quiz has been taken 156 times
  • The average score is 11 of 12
Answer Stats
Question Answer % Correct
Who is the oldest sister? Jade
99%
Who is the youngest sister? Ami
96%
Who is the oldest brother? Shaka
94%
What is the mom's name? Cocoa
93%
What is the Grandmother's name? M'dear
93%
What is the dad's name? Moz
93%
What was the baby's name? Sky
93%
Who is the youngest brother in the first season? Mazzi
91%
What was Jebediah diagnosed with? Prostate Cancer
90%
Who was not in Season 5? Shaka
82%
What was M'dear's present from Moz and Cocoa? Cocoa was pregnant
78%
Did Jebediah die? No
76%
No matching quizzes found
Score Distribution
Percent of People with Each Score
Percentile by Number Answered
Your Score History
You have not taken this quiz